000 00426nam a2200181 i 4500
001 bg
100 1 _aBarbusiński, Krzysztof.
245 1 0 _aLeksykon biotechnologii środowiskowej /
_cK. Barbusiński.
260 _aWarszawa,
_c1993.
650 9 _aBiotechnologia
040 _cBPK
041 _apol
080 _a606
080 _a628.1/.6
080 _a(03)
942 _cKS
008 s pl f |000 0 pol
999 _c5540
_d5540
856 _uhttp://koha.tu.koszalin.pl/cgi-bin/koha/opac-detail.pl?biblionumber=5540
_yKatalog online BPK